Loading...
| Science - Other Science | 1 | 6 | 0 | 0 | 75 | 46 | 92.00 | 5 | 7 |
| Science - Chemistry | 0 | 5 | 1 | 1 | 45 | 85 | 95.20 | 0 | 5 |
| History - World History | 0 | 2 | 0 | 0 | 20 | 92 | 119.50 | 1 | 2 |
| Mythology | 0 | 2 | 0 | 0 | 20 | 102 | 104.00 | 1 | 2 |
| Fine Arts - Other Fine Arts | 0 | 2 | 1 | 1 | 15 | 107 | 122.50 | 0 | 2 |
| History - Other History | 1 | 0 | 0 | 0 | 15 | 14 | 14.00 | 1 | 1 |
| Literature - British Literature | 1 | 0 | 0 | 0 | 15 | 70 | 70.00 | 0 | 1 |
| Science - Physics | 0 | 2 | 1 | 1 | 15 | 85 | 107.50 | 0 | 2 |
| Philosophy | 0 | 1 | 0 | 1 | 10 | 105 | 105.00 | 1 | 1 |
| Science - Biology | 0 | 2 | 2 | 0 | 10 | 102 | 108.00 | 0 | 2 |
| Geography | 0 | 1 | 0 | 0 | 10 | 107 | 107.00 | 0 | 1 |
| Social Science | 0 | 1 | 0 | 0 | 10 | 99 | 99.00 | 0 | 1 |
| Literature - American Literature | 0 | 1 | 1 | 0 | 5 | 134 | 134.00 | 0 | 1 |
| History - American History | 0 | 0 | 1 | 0 | -5 | 0.00 | 0 | 0 |